| 000 | 01146nam a2200277 i 4500 | ||
|---|---|---|---|
| 001 | 15732 | ||
| 003 | ES-MaACL | ||
| 005 | 20250817063113.0 | ||
| 007 | t| | ||
| 008 | 000505e1998 sp a |r s00|00|spa j | ||
| 017 |
_aAS 3779-1998 _bOficina Depósito Legal Asturias |
||
| 040 |
_aM-BN _bspa _cM-BN |
||
| 080 | _a73.036(460.12)(064.3) | ||
| 245 | 0 | 0 |
_aDe regreso : _b[exposición] (escultores asturianos en 10 años del Museo Barjola) : 18 diciembre 1998-31 enero 1999 / _c[Amador ... et al.] |
| 260 |
_a[Oviedo] : _bServicio de Publicaciones del Principado de Asturias, _c[1998] |
||
| 300 |
_a116 páginas : _bilustraciones (color) ; _c23 cm |
||
| 650 | 4 |
_aEscultura- _zAsturias (Comunidad Autónoma)- _yS.XX- _vExposiciones _9241801 |
|
| 655 | 7 |
_aCatálogos de exposiciones _2tgfbne _9193628 |
|
| 700 | 1 |
_aRodríguez, Amador, _d1926-2001 _eaut _998207 |
|
| 710 | 2 |
_aMuseo Juan Barjola _ehis _95886 |
|
| 710 | 1 |
_aAsturias (Comunidad Autónoma). _bServicio de Publicaciones _eedt _91837 |
|
| 852 | 4 |
_aES-MaACL _bR.126974 _cDEPO2 _jL-23123 |
|
| 942 |
_2udc _cMONOGRAFIA _n0 |
||
| 999 |
_c15732 _d15732 |
||